| 000 | 01058nam a22001937a 4500 | ||
|---|---|---|---|
| 005 | 20240305102257.0 | ||
| 008 | 230530b ||||| |||| 00| 0 eng d | ||
| 040 |
_cSSBUL _dSSBUL |
||
| 082 |
_223 _a၂၉၄.၃၄၄၃၅ |
||
| 100 | 0 | 1 |
_aခေမာနန္ဒ၊ _cအရှင်၊ _g(ရန်ကင်းတောရ)သပြေပင်။ _924649 |
| 245 | 1 | 0 |
_aငြိမ်းအေးသောစိတ် / _cအရှင်ခေမာနန္ဒ(ရန်ကင်းတောရ)သပြေပင်။ |
| 260 |
_aရန်ကုန်၊ _bရွှေနိုင်ငံစာပေ၊ _c၂၀၂၂။ |
||
| 300 |
_a၉၃ စာမျက်နှာ၊ _c၁၆ စင်တီ။ |
||
| 440 |
_aရန်ကင်းတောင်စာစဉ်၊ _v၃၉။ _924623 |
||
| 500 | _aS-KN: Ashin Khemananda (Brahamana) | ||
| 650 |
_aဗုဒ္ဓဘာသာ _xဝိပဿနာ။ _924652 |
||
| 650 |
_aစိတ်။ _924653 |
||
| 942 |
_2ddc _cBK1 _e23 _h၂၉၄.၃၃၄၃၅ _kခေ |
||
| 999 |
_c24891 _d24891 |
||